000 00957nam a2200265 i 4500
003 IT-RoINE
005 20170912102034.0
008 151116s2015 sp aho |r|||| 001 0dspa d
020 _a9788430617555
040 _aSpMaBN
_cSpMaBN IT-RoINE
_erdc
_dIT-RoINE
100 1 _923260
_aMarañón y Bertrán de Lis, Gregorio,
_d1942-
245 1 0 _aMemorias del Cigarral, 1552-2015 /
_cGregorio Marañón Bertrán de Lis.
260 _a[Barcelona] :
_bTaurus,
_c2015.
300 _a245 p. :
_bil., facs., fot. ;
_c25 cm.
336 _aTexto (visual)
_2isbdcontent
337 _2rdamedia
_aunmediated
338 _2rdacarrier
_avolume
500 _aIncluye índice.
504 _aBibliografía: p. 235-239.
610 2 4 _aCigarral de Menores
_xHistoria
_923262
651 4 _aToledo (España)
_xHistoria
_ySiglos 16o.-20o.
_923275
600 1 4 _9705
_aMarañón, Gregório,
_d1887-1960
600 1 4 _923260
_aMarañón y Bertrán de Lis, Gregorio,
_d1942-
942 _cMTS
999 _c11363
_d11363